000
00477nam a2200157Ia 4500
008
100204s9999 xx 000 0 und d
082
_b
8453
100
_a
प्रीतम अमृता
245
_a
कामिनी
260
_b
"श्रीविद्या प्रकाशन, पुणे"
_c
1986
300
_a
91
630
_a
कामिनी
700
_a
जोशी पद्माकर
730
_a
कामिनी
942
_c
BOOK
999
_c
452889
_d
452886